000 03343nab a2200349 i 4500
003 BR-BrBNA
005 20240822135251.0
008 240822b2018 bl.|r|pooa||| 00| 0 por |
040 _aBR-BrBNA
_bpor
072 _aL73
_b5120
072 _aL70
100 _aAoyama, I.H.A.
100 _aCampebell, R.C.
100 _aZambrano, R.S.
100 _aSá, P.A.
100 _aMiranda, R.S.
100 _aMoreti, B.
245 _aSialolitíase em equino: relato de caso
500 _aPublicação online; 12 ref.; 6 illus.; Summaries (En, Pt)
520 _a RESUMO - Sialolitíase é uma afecção que afeta as glândulas salivares ou seus ductos, caracterizada pela presença de estruturas calcificadas, denominadas de sialolitos, com crescimento lento e gradual, geralmente assintomático, dificultando ou impedindo o fluxo normal de saliva. Devido à ausência de relatos na literatura nacional, descreve-se o caso de uma égua de 15 anos, que apresentava um sialolito de 13cm no ducto parotídico havia mais de dois anos, próximo à crista facial. O diagnóstico foi realizado por meio do exame clínico: visualização do aumento de volume, palpação do sialolito, avaliação odontológica; e de exames complementares: radiografia e ultrassonografia. Optou-se pelo tratamento cirúrgico, através do acesso percutâneo, pois é o mais indicado para cálculos grandes, realizando-se sutura do ducto de Stenon, sem presença de fístulas no pós-operatório. Foi de extrema importância a avaliação e os cuidados odontológicos durante a realização do procedimento, pois as pontas dentárias facilitam a formação dos cálculos. Palavras-chave: sialolito, cavalo, glândula parótida, ducto de Stenon
520 _a ABSTRACT - Sialolithiasis is a condition that affects the salivary glands or their ducts, characterized by the presence of calcified structures, called sialolites, with slow and gradual growth, usually asymptomatic, hindering or impeding the normal flow of saliva. Due to the absence of reports in the national literature, the case of a 15-year-old mare who had a 13cm sialolite in the parotid duct near the face ridge for more than 2 years is described. The diagnosis was made through clinical examination: with visualization and palpation of the sialolite, dental evaluation; and complementary exams: radiography and ultrasonography. We chose surgical treatment through percutaneous access, which is the most appropriate for large stones, and Stenon's duct suture was performed, without postoperative fistulas. The assessment and dental care during the procedure was extremely important, since the dental tips facilitate the formation of the stones. Keywords: sialolite, horse, parotid gland, duct of stenon
650 _aCAVALO
650 _aDOENÇA ANIMAL
650 _aGLÂNDULA SALIVAR
650 _aPARÓTIDA
650 _aCIRURGIA
650 _aVETERINÁRIA
773 0 _01643
_9317355
_dBelo Horizonte-MG Universidade Federal de Minas Gerais - Escola de Veterinaria 1983
_o2024-4007
_tArquivo Brasileiro de Medicina Veterinária e Zootecnia (Brazil)
_x0102-0935
_gv. 70(2) p. 353-358; (2018)
_wBR2024002311
856 _uhttps://www.scielo.br/j/abmvz/a/TdVfGcmbT5hw3TthfdScV4v/?format=pdf&lang=pt
942 _cAnalítica
999 _c300992
_d300992